000 01142nam a22003251 4500
001 bslw10044270
005 20240305165648.0
006 m o d
007 cr un ---uuuua
008 230412s2012 sp ob 000 0 spa d
020 _a9788413811314
035 _a38183
040 _aUtOrBLW
_beng
_erda
_cUtOrBLW
050 4 _aK5015.4
_b.P33 2012
082 0 4 _a345
_223
100 1 _aPablo Sánchez-Ostiz,
_eauthor.
245 1 0 _aFundamentos de política criminal :
_bun retorno a los principios /
_cPablo Sánchez-Ostiz ; prólogo de Jesús-María Silva Sánchez.
264 1 _aMadrid :
_bMarcial Pons,
_c2012.
300 _a1 online resource (278 pages)
336 _atext
_btxt
_2rdacontent
337 _acomputer
_bc
_2rdamedia
338 _aonline resource
_bcr
_2rdacarrier
490 1 _aColección Derecho penal y criminología
504 _aIncludes bibliographical references.
650 0 _aCriminal law.
700 1 _aSilva Sánchez, Jesús-María,
_ewriter of introduction.
830 0 _aDerecho penal y criminología (Marcial Pons (Firm))
856 4 0 _uhttps://app.vlex.com/#/sources/38183
942 _cRAA
999 _c172590
_d172590